Drapeaux bleus, blancs et rouges – Mort subite - Statistiques

Statistiques générales
  • Ce quiz a été pris 487 fois
  • Le résultat moyen est 8 sur 17
Answers on the Grid
Answers color-coded by a green-red scale on the quiz's grid according to % correct below.
Australie
Brésil
Costa Rica
Cuba
France
Guatemala
Haïti
Islande
Inde
Irlande
Italie
Liberia
Monténégro
Népal
Nicaragua
Corée du Nord
Norvège
Panama
Papouasie-Nouvelle-Guinée
Philippines
Russie
Samoa
Slovaquie
Afrique du Sud
Corée du Sud
Espagne
Suède
Taiwan
Thaïlande
Royaume-Uni
États-Unis
Zimbabwe
 
Statistiques - réponses
Réponse % Correct
France
88%
Australie
75%
Costa Rica
69%
Cuba
64%
Russie
59%
États-Unis
55%
Islande
54%
Royaume-Uni
53%
Norvège
49%
Corée du Nord
40%
Panama
38%
Thaïlande
36%
Slovaquie
35%
Liberia
28%
Népal
23%
Taiwan
19%
Samoa
14%
Aucun quiz correspondant
Distribution des résultats
% des personnes avec chaque résultat
Percentile par nombre de réponses
Votre historique - résultats
Vous n’avez pas pris ce quiz